Freedom of navigation and the law of the sea : (Record no. 2737)

000 -LEADER
fixed length control field 02958cam a22003858i 4500
006 - FIXED-LENGTH DATA ELEMENTS--ADDITIONAL MATERIAL CHARACTERISTICS--GENERAL INFORMATION
fixed length control field a|||||o||d| 00| 0
007 - PHYSICAL DESCRIPTION FIXED FIELD--GENERAL INFORMATION
fixed length control field cr |||aaa|a
008 - FIXED-LENGTH DATA ELEMENTS--GENERAL INFORMATION
fixed length control field 201028s2021 enk ob 001 0 eng d
020 ## - INTERNATIONAL STANDARD BOOK NUMBER
Qualifying information (ebook)
International Standard Book Number 9780429425745
040 ## - CATALOGING SOURCE
Original cataloging agency IMU Kochi Library
Language of cataloging eng
042 ## - AUTHENTICATION CODE
Authentication code pcc
044 ## - COUNTRY OF PUBLISHING/PRODUCING ENTITY CODE
MARC country code England
082 00 - DEWEY DECIMAL CLASSIFICATION NUMBER
Classification number 341.45
Edition number 23
100 1# - MAIN ENTRY--PERSONAL NAME
Personal name Moore, Cameron
Fuller form of name (Cameron Alastair),
245 10 - TITLE STATEMENT
Title Freedom of navigation and the law of the sea :
Sub Title warships, states, and the use of force /
264 #1 - Production, Publication, Distribution, Manufacture, and Copyright Notice
Place of production, publication, distribution, manufacture Milton Park, Abingdon, Oxon [UK] ;
-- New York. NY :
Name of producer, publisher, distributor, manufacturer Routledge,
Date of production, publication or copyright notice 2021.
300 ## - PHYSICAL DESCRIPTION
Extent 1 online resource
490 0# - SERIES STATEMENT
Series statement Routledge research in the law of the sea
504 ## - BIBLIOGRAPHY, ETC. NOTE
Bibliography, etc Includes bibliographical references and index.
505 0# - FORMATTED CONTENTS NOTE
Formatted contents note General principles on the use of force and their application at sea -- Unit and collective self defence -- Proportionality and the threshold of armed conflict -- Territorial and internal waters -- Straits and archipelagos -- International waters.
520 ## - SUMMARY, ETC.
Summary, etc "There has been a recent increase in clashes between warships asserting rights to navigate and states asserting sovereignty over coastal waters. This book argues for a set of rules which respect the rights of coastal states to protect their sovereignty, and of warships to navigate lawfully, whilst also outlining the limits of each The book addresses the issue of the clash between warships and states in four parts. The first part considers the general principles applying to use of force in the law of the sea and the law of national self-defence. The second part focuses on the right of coastal states to use force to prevent passage of warships which threatens their sovereignty, with particular reference to the specific maritime zones. The third part explores the law of the sea and the international law on the use of force by warships to ensure passage or to defend themselves. The fourth part assesses the extent to which the law of armed conflict may be applicable or useful in relation to these issues. The conclusion draws together a set of rules which take account of both contemporary and historical events, and seeks to balance the competing interests at stake. Providing a concise overview of the enduring issue of freedom of navigation, this book will appeal to anyone studying International Law, the Law of the Sea, Security Studies and International Relations. It will also be of interest to naval, coast guard and military officers, as well as government legal advisors"--
650 #0 - SUBJECT ADDED ENTRY--TOPICAL TERM
Topical term or geographic name as entry element War, Maritime (International law)
650 #0 - SUBJECT ADDED ENTRY--TOPICAL TERM
Topical term or geographic name as entry element Self-defense (International law)
650 #0 - SUBJECT ADDED ENTRY--TOPICAL TERM
Topical term or geographic name as entry element Warships
General subdivision Law and legislation.
650 #0 - SUBJECT ADDED ENTRY--TOPICAL TERM
Topical term or geographic name as entry element Contiguous zones (Law of the sea)
650 #0 - SUBJECT ADDED ENTRY--TOPICAL TERM
Topical term or geographic name as entry element Maritime boundaries.
650 #0 - SUBJECT ADDED ENTRY--TOPICAL TERM
Topical term or geographic name as entry element Freedom of the seas.
650 #0 - SUBJECT ADDED ENTRY--TOPICAL TERM
Topical term or geographic name as entry element Mare clausum.
650 #0 - SUBJECT ADDED ENTRY--TOPICAL TERM
Topical term or geographic name as entry element Navigation.
852 ## - LOCATION/CALL NUMBER
Location IMU Kochi Library
856 40 - ELECTRONIC LOCATION AND ACCESS
Uniform Resource Identifier <a href="http://www.taylorfrancis.com/books/9780429425745">http://www.taylorfrancis.com/books/9780429425745</a>
904 ## - LOCAL DATA ELEMENT D, LDD (RLIN)
CATALOGER Rudra Ranjan
905 ## - LOCAL DATA ELEMENT E, LDE (RLIN)
VERIFIER Rudra Ranjan
942 ## - ADDED ENTRY ELEMENTS (KOHA)
Item type E-Book

No items available.



Copyright © All Rights Reserved by Indian Maritime University, Kochi Campus.
For any Suggestions/Query Contact to library or Email: library.kochi@imu.ac.in Ph:(0484)-2989402
(Web OPAC Designed by Rudra Ranjan. Maintained by IMU Kochi Library)

Powered by Koha